Planung und Steurung der Produktion aus betriebswirtschafttlich-technologischer Sichst /
Salvato in:
| Autori principali: | , |
|---|---|
| Natura: | Libro |
| Lingua: | tedesco |
| Pubblicazione: |
Wiesbaden :
Gabler,
1978
|
| Tags: |
Nessun Tag, puoi essere il primo ad aggiungerne!!
|
MARC
| LEADER | 00000nam a22000003a 4500 | ||
|---|---|---|---|
| 001 | stu35904 | ||
| 005 | 20150617225726.7 | ||
| 008 | 920515s1978----gw------------------ger-d | ||
| 040 | |a STU |b slo | ||
| 041 | 0 | |a ger | |
| 044 | |a gw | ||
| 100 | 1 | |a Ellinger, Theodor |4 aut | |
| 245 | 1 | |a Planung und Steurung der Produktion aus betriebswirtschafttlich-technologischer Sichst / |c [aut.]Theodor Ellinger, Horst Wildemann | |
| 260 | |a Wiesbaden : |b Gabler, |c 1978 | ||
| 300 | |a 232 s | ||
| 700 | 1 | |a Wildemann, Horst |4 aut | |
| 996 | |b 284M012352 |c M*6319-1 |l MMKN |s A |a 24 |w stu35904_0001 | ||